01314nam a2200325 ia4500003000400000005001700004008004100021020003900062040002700101082001400128090001900142100003300161245003800194264005100232264001100283300008200294336002100376337002500397338002300422490003700445500002100482520027700503521001500780650004100795650004300836650004200879830003700921942001100958999001900969OSt20260525162940.0260525t20252025nyuoab br 001 0 eng d a9781510567108cRM137.50qhardback  aPPAK bengcPPAKerda 04a536.722300a536.7bHIC dK1 aHicton, Douglas, eauthor. 10aTHERMODYNAMICS /cDOUGLAS HICTON  1aNew York : bLightbox Learning Inc., c[2025?] 4c©2025 a24 pages : bcolour photographs, colour illustrations, colour maps ; c26 cm  atext2rdacontent aunmediated2rdamedia avolume2rdacarrier1 aTHE BEGINNER'S GUIDE TO PHYSICS  aIncludes index.  aThermodynamics explains how energy moves and transforms. It is the science of the relationship between heat, work, temperature, and energy. The forces of thermodynamics are on display everywhere. Find out more in Thermodynamics, a title in The Beginner's Guide to Physics. aAges 8-12.10aThermodynamics vJuvenile literature10aEnergy conversionvJuvenile literature20aPhysical sciencevJuvenile literature 0aThe beginner's guide to Physics  2ddccB c204453d204453